Statistics for Most Common English Verbs - Three Minute Sprint

Click here to take the quiz!

General Stats

  • This quiz has been taken 94 times
  • The average score is 40 of 250

Answer Stats

#verb% Correct
1be
96%
5go
85%
11see
81%
2have
81%
3do
70%
118eat
70%
10take
70%
71walk
66%
4say
66%
40run
66%
8make
66%
31talk
55%
18give
55%
77love
55%
14look
53%
237sleep
53%
107drive
53%
48write
53%
19work
51%
9think
51%
70read
49%
13want
47%
50sit
45%
67speak
45%
42like
45%
12come
45%
38hear
43%
80buy
43%
21try
40%
6get
40%
29put
38%
156lie
38%
51stand
38%
16find
36%
15use
34%
7know
34%
39play
34%
46live
34%
22ask
32%
52lose
32%
97sell
30%
126listen
30%
17tell
30%
238touch
28%
28let
28%
24feel
28%
59learn
28%
58watch
28%
205fly
26%
163lay
26%
90kill
26%
120teach
26%
20call
23%
172name
23%
62stop
23%
35help
23%
45hold
23%
37show
23%
56set
21%
132close
21%
74grow
21%
73win
21%
36start
21%
23need
21%
119end
21%
83die
21%
34begin
21%
224wish
21%
180forget
19%
124catch
19%
221sing
19%
63understand
19%
30keep
19%
87send
19%
47bring
19%
84stay
19%
25become
19%
113agree
17%
110break
17%
85fall
17%
72open
17%
44believe
17%
165laugh
17%
204smile
17%
193care
17%
32turn
17%
33seem
17%
143fight
15%
229travel
15%
184study
15%
66add
15%
147enter
15%
128choose
15%
88cut
15%
179act
13%
104hope
13%
117hit
13%
115base
13%
169answer
13%
157argue
13%
125draw
13%
43move
13%
68allow
13%
64follow
13%
54pay
13%
92reach
11%
182shake
11%
136seek
11%
137throw
11%
149rise
11%
61lead
11%
41happen
11%
99raise
11%
86build
11%
111wear
11%
102decide
11%
215step
11%
171arrive
11%
106join
11%
75remember
11%
131place
9%
250strike
9%
192finish
9%
175miss
9%
230born
9%
152shoot
9%
142fill
9%
60change
9%
241hurt
9%
27leave
9%
240own
9%
55meet
9%
76offer
9%
167guess
9%
109carry
9%
108receive
9%
69spend
9%
145push
9%
158wonder
6%
223beat
6%
65create
6%
161accept
6%
78wait
6%
164prepare
6%
168state
6%
173discuss
6%
81appear
6%
242recall
6%
100pass
6%
112pick
6%
208discover
6%
98pull
6%
116produce
6%
26mean
6%
198apply
6%
243refer
6%
121describe
6%
123cover
6%
211worry
6%
235cost
6%
213address
6%
53include
6%
82serve
6%
186form
6%
146plan
6%
185remove
4%
196reveal
4%
189enjoy
4%
187prove
4%
178check
4%
207manage
4%
202head
4%
188claim
4%
153occur
4%
174hang
4%
148share
4%
247attend
4%
96report
4%
129point
4%
138deal
4%
231vote
4%
232achieve
4%
57continue
4%
170fail
4%
155save
4%
239suffer
2%
249announce
2%
248encourage
2%
209treat
2%
220test
2%
210improve
2%
244release
2%
226figure
2%
212mention
2%
227assume
2%
234publish
2%
233admit
2%
214sign
2%
219notice
2%
217stare
2%
228examine
2%
225prevent
2%
222tend
2%
103return
2%
203affect
2%
176design
2%
101develop
2%
114support
2%
89expect
2%
130realize
2%
133increase
2%
141note
2%
79consider
2%
160recognize
2%
166compare
2%
144drop
2%
195avoid
2%
194visit
2%
199respond
2%
183force
2%
201perform
2%
191imagine
2%
197contain
2%
127cause
0%
91suggest
0%
93remain
0%
95thank
0%
122face
0%
94require
0%
245experience
0%
246define
0%
200control
0%
105explain
0%
49provide
0%
181sound
0%
236conduct
0%
218relate
0%
134involve
0%
135represent
0%
139focus
0%
140reduce
0%
206reflect
0%
150identify
0%
151indicate
0%
154determine
0%
159protect
0%
190maintain
0%
162present
0%
216exist
0%
177establish
0%

Score Distribution

Percentile by Number Answered

Percent of People with Each Score

Your Score History

You have not taken this quiz